Dirección Técnica y Administración de la producción (Registro nro. 4208)

Detalles MARC
000 -LEADER
fixed length control field 01411 a2200229 4500
001 - CONTROL NUMBER
control field 46574
005 - DATE AND TIME OF LATEST TRANSACTION
control field 20260407155736.0
008 - FIXED-LENGTH DATA ELEMENTS--GENERAL INFORMATION
fixed length control field 260407a1980 arg spa d
003 - CONTROL NUMBER IDENTIFIER
control field AR-UNSa-BCEJYS
040 ## - CATALOGING SOURCE
Original cataloging agency AR-UNSa-BCEJYS
Language of cataloging spa
Transcribing agency AR-UNSa-BCEJYS
080 ## - UNIVERSAL DECIMAL CLASSIFICATION NUMBER
Universal Decimal Classification number 658.5
Common auxiliary subdivision Planificación y control de la producción<br/>
020 ## - INTERNATIONAL STANDARD BOOK NUMBER
International Standard Book Number 968-18-0983-1
100 1# - MAIN ENTRY--PERSONAL NAME
Personal name Calvet Perez, Ricardo
245 10 - TITLE STATEMENT
Title Dirección Técnica y Administración de la producción
Name of part/section of a work Curso de operaciones de control -Parte 1-
264 #1 - PRODUCTION, PUBLICATION, DISTRIBUTION, MANUFACTURE, AND COPYRIGHT NOTICE
Place of production, publication, distribution, manufacture México :
Name of producer, publisher, distributor, manufacturer Limusa
Date of production, publication, distribution, manufacture, or copyright notice 1980
300 ## - PHYSICAL DESCRIPTION
Extent 289 p.
Dimensions 28 cm.
505 ## - FORMATTED CONTENTS NOTE
Formatted contents note Parte I: Conocimiento de las operaciones: 1. Administración de la producción y operaciones relacionadas: Generalidades – 2. La toma de decisiones y la función de producción – 3. Aplicación del concepto de sistemas – 4. Los métodos analíticos – 5. Empleo de los datos de costos para la toma de decisiones – Parte II: Planeación de las operaciones: 6. Sistemas de producción-inventario – 7. Pronóstico e inventarios – 8. Planes y programas globales – Parte III: Programación y control de las operaciones: 9. Programación y control de los sistemas a gran escala – 10. Programación y control de los sistemas intermitentes – 11. El control de calidad – 12. Mantenimiento -
590 ## - LOCAL NOTE (RLIN)
Local note niveau_biblio:m niveau_hierar:0
700 1# - ADDED ENTRY--PERSONAL NAME
Personal name Buffa, Elwood S.
700 1# - ADDED ENTRY--PERSONAL NAME
Personal name Perez Segui, Enrique
942 ## - ADDED ENTRY ELEMENTS (KOHA)
Koha item type
Existencias
Withdrawn status Lost status Damaged status Not for loan Home library Current library Shelving location Date acquired Total checkouts Full call number Barcode Date last seen Price effective from Koha item type
        Biblioteca Prof. Eusebio Cleto del Rey Biblioteca Prof. Eusebio Cleto del Rey   07/04/2026   658.5 B929d v.1 L53857 07/04/2026 07/04/2026 Libro